[Event "GER CCM-E03-D email"]
[Site "GER email"]
[Date "2019.06.19"]
[Round "?"]
[White "Gomes, Jose Soares"]
[Black "Monov, Aleksandar"]
[Result "1/2-1/2"]
[WhiteElo "2243"]
[BlackElo "2224"]
[PlyCount "78"]
[EventDate "2019.??.??"]
[EventType "tourn (corr)"]
[EventRounds "13"]
[EventCountry "GER"]
[SourceTitle "Corr 2022"]
[Source "ChessBase"]
[SourceDate "2021.10.24"]
[SourceVersion "1"]
[SourceVersionDate "2021.10.24"]
[SourceQuality "1"]

1. d4 Nf6 2. c4 b6 3. Nc3 Bb7 4. Qc2 d5 5. cxd5 Nxd5 6. e4 Nxc3 7. bxc3 e6 8. Nf3 Be7 9. Bd3 c5 10. Bb5+ Bc6 11. Bd3 cxd4 12. cxd4 0-0 13. 0-0 Bb7 14. Bb2 Nc6 15. Qe2 Nb4 16. Bc4 Rc8 17. Rfc1 Nc6 18. Rd1 Na5 19. Bd3 Bd6 20. Rac1 h6 21. Rxc8 Qxc8 22. h3 Re8 23. Nd2 Qd8 24. e5 Bf8 25. Ne4 Re7 26. Bc1 Rc7 27. Bf4 Kh8 28. Nd6 Bd5 29. Nb5 Rd7 30. Nd6 Rc7 31. Qh5 g6 32. Qe2 f5 33. Nb5 Rd7 34. Rc1 Kh7 35. Be3 Be7 36. Kh2 Bc6 37. Qb2 a6 38. Nd6 b5 39. Bf4 Bd5 1/2-1/2

[Event "GER CCM-E03-D email"]
[Site "GER email"]
[Date "2019.06.19"]
[Round "?"]
[White "Monov, Aleksandar"]
[Black "Mityavin, Sergey Petrovich"]
[Result "1/2-1/2"]
[WhiteElo "2224"]
[BlackElo "2242"]
[PlyCount "71"]
[EventDate "2019.??.??"]
[EventType "tourn (corr)"]
[EventRounds "13"]
[EventCountry "GER"]
[SourceTitle "Corr 2022"]
[Source "ChessBase"]
[SourceDate "2021.10.24"]
[SourceVersion "1"]
[SourceVersionDate "2021.10.24"]
[SourceQuality "1"]

1. d4 d5 2. c4 c6 3. Nf3 Nf6 4. Qb3 dxc4 5. Qxc4 Bf5 6. g3 e6 7. Bg2 Nbd7 8. 0-0 Be7 9. e3 0-0 10. Rd1 Qc7 11. Nc3 Rad8 12. h3 h6 13. Bd2 Bh7 14. Qe2 e5 15. dxe5 Nxe5 16. Nxe5 Qxe5 17. e4 Rfe8 18. Kh2 Qe6 19. f4 Bc5 20. e5 Nd5 21. Nxd5 cxd5 22. Rac1 Bb6 23. Qb5 Be4 24. a4 Qg6 25. Bxe4 dxe4 26. Be1 a6 27. Qe2 Rxd1 28. Qxd1 Rd8 29. Qg4 Qxg4 30. hxg4 Be3 31. Rc2 Rd1 32. Re2 Rd3 33. Bb4 b5 34. axb5 axb5 35. Bc3 Bc1 36. Rxe4 1/2-1/2

[Event "GER CCM-E03-D email"]
[Site "GER email"]
[Date "2019.06.19"]
[Round "?"]
[White "Pinho, Manuel Brandao"]
[Black "Monov, Aleksandar"]
[Result "1/2-1/2"]
[WhiteElo "2218"]
[BlackElo "2224"]
[PlyCount "147"]
[EventDate "2019.??.??"]
[EventType "tourn (corr)"]
[EventRounds "13"]
[EventCountry "GER"]
[SourceTitle "Corr 2022"]
[Source "ChessBase"]
[SourceDate "2021.10.24"]
[SourceVersion "1"]
[SourceVersionDate "2021.10.24"]
[SourceQuality "1"]

1. e4 c5 2. Nf3 e6 3. Nc3 a6 4. d4 cxd4 5. Nxd4 d5 6. exd5 exd5 7. Be2 Bb4 8. Bf3 Ne7 9. 0-0 0-0 10. Bg5 f6 11. Be3 Nbc6 12. Nce2 Bd6 13. Nf4 Bxf4 14. Bxf4 Ng6 15. Be3 Nge5 16. Be2 Re8 17. Bh5 Re7 18. Nxc6 bxc6 19. Bc5 Rb7 20. b3 Bf5 21. Qd2 Rb5 22. Bd4 Qd6 23. Rfe1 Rbb8 24. Qf4 Be4 25. Qg3 a5 26. Re2 a4 27. Rae1 axb3 28. axb3 c5 29. Ba1 Rf8 30. c4 Rad8 31. cxd5 Bxd5 32. Bxe5 fxe5 33. Rxe5 c4 34. bxc4 Bxc4 35. h3 Qb8 36. Bf3 Rde8 37. Rxe8 Rxe8 38. Rxe8+ Qxe8 39. h4 Bf7 40. Qf4 Qb5 41. Qd6 g6 42. Qd4 Qb1+ 43. Kh2 Qc2 44. g3 Qc8 45. Be4 h6 46. Qf6 Qe8 47. Bc2 h5 48. Bd1 Qf8 49. Bc2 Qg7 50. Qxg7+ Kxg7 51. Kg2 Kf6 52. Bd1 Be6 53. Be2 Ke5 54. Kf3 Bd5+ 55. Ke3 Be6 56. Bd3 Bf7 57. f3 Be8 58. Be4 Bf7 59. Kd2 Kd4 60. Ke2 Bc4+ 61. Kf2 Bf7 62. Bb1 Be8 63. Bc2 Bf7 64. f4 Be8 65. g4 Kd5 66. g5 Kc5 67. f5 gxf5 68. Ke3 Kd6 69. Kf4 Ke7 70. Kxf5 Kf7 71. g6+ Kg7 72. Kg5 Bxg6 73. Bxg6 Kg8 74. Bxh5 1/2-1/2